| 000 | 01613cam a22003611 4500 | ||
|---|---|---|---|
| 001 | commonsensehorse00litt | ||
| 003 | CaSfIA | ||
| 005 | 20210117224949.0 | ||
| 007 | cr|||| | ||
| 008 | 770222s1951 nyua 000 0 eng | ||
| 010 | _a 51012768 | ||
| 040 |
_aDLC _cYNG _dDLC _dAGL _dBTCTA _dCaSfIA |
||
| 016 | 7 |
_aCAT10504055 _2DNAL |
|
| 035 | _a(OCoLC)2755312 | ||
| 050 | 0 | 0 |
_aSF309 _b.L52 |
| 070 | 0 |
_a42 _bL71 |
|
| 072 | 0 | _aL100 | |
| 082 | 0 | 0 | _a798.2 |
| 100 | 1 | _aLittauer, Vladimir S. | |
| 245 | 1 | 0 |
_aCommon sense horsemanship; _h[electronic resource] _ba distinct method of riding and schooling horses and of learning to ride. _cWith two chapters by Alexis Wrangel. Sketches by Berri Chamorel. |
| 250 | _a[1st ed.] | ||
| 260 |
_aNew York, _bVan Nostrand _c[1951] |
||
| 300 |
_a333 p. _billus. _c24 cm. |
||
| 650 | 0 | _aHorsemanship. | |
| 776 | 0 | 8 |
_iOnline version: _aLittauer, Vladimir S. _tCommon sense horsemanship. _b[1st ed.] _dNew York, Van Nostrand [1951] _w(OCoLC)608633710 |
| 856 | 4 | 1 |
_uhttp://www.archive.org/details/commonsensehorse00litt _zFree eBook from the Internet Archive |
| 856 | 4 | 2 |
_uhttp://www.openlibrary.org/books/OL6094966M _zAdditional information and access via Open Library |
| 029 | 1 |
_aNZ1 _b6462508 |
|
| 029 | 1 |
_aAU@ _b000022939768 |
|
| 942 | _cEB | ||
| 506 | _fНеобхідна авторизація на https://archive.org/ (створення облікового запису безкоштовно) | ||
| 506 | _fНеобхідна авторизація на https://openlibrary.org/ (створення облікового запису безкоштовно) | ||
| 999 |
_c482678 _d482678 |
||